000
00314nam a22001457a 4500
003
SGT
020
_a
9781138055605
082
_a
155.51,FER
100
_a
FERRER-WREDER
245
_a
IDENTITY IN ADOLESCENCE
_b
4TH
260
_a
LONDON
_b
ROUTLEDGE
_c
2020
300
_a
211
650
_a
PSCHOLOGY
942
_2
ddc
_c
BK
999
_c
20809
_d
20809